[Event "Madurai Athens of the East op-C U1700"]
[Site "Madurai"]
[Date "2023.12.25"]
[Round "5"]
[White "Harshil, Mishra"]
[Black "Mohammed Tharig, S."]
[Result "0-1"]
[WhiteElo "1454"]
[BlackElo "1566"]
[PlyCount "56"]
[EventDate "2023.12.24"]
[EventType "swiss"]
[EventRounds "9"]
[EventCountry "IND"]
[SourceTitle "CB06_2024"]
[SourceDate "2024.02.07"]
[SourceVersion "1"]
[SourceVersionDate "2024.02.07"]
[SourceQuality "1"]

1. e4 c6 2. d4 d5 3. exd5 cxd5 4. Bd3 Nc6 5. c3 g6 6. Nf3 Bf5 7. Ne5 Bxd3 8. Nxd3 Nf6 9. 0-0 Bg7 10. Nd2 0-0 11. Nf3 Ne4 12. Bf4 Qd7 13. Nfe5 Qf5 14. g4 Qc8 15. h4 Nxe5 16. Nxe5 Re8 17. f3 Nd6 18. Qe1 f6 19. Nd3 e5 20. dxe5 fxe5 21. Bxe5 Nf7 22. f4 Qxg4+ 23. Kh2 Bf6 24. Rg1 Qh5 25. Qg3 Nxe5 26. Nxe5 Rxe5 27. fxe5 Bxe5 28. Rae1 Qxh4+ 0-1